000 00441nam a2200157 4500
001 148679
003 ES-MaACL
005 20230906202748.0
007 t|
008 070214s1961 sp r ||||1| gao d
100 1 _aSuárez-Llanos, Camilo G.
_9108637
245 1 0 _aLonxe de nós e dentro /
_cCamilo G. Suárez-Llanos.
260 _aVigo :
_bGalaxia,
_c1961.
300 _a87 p., 4 lám. ;
_c18 cm.
852 _aES-MaACL
_jC-19859
_bR.47752
999 _c148679
_d148679